Lidožrouti /

Novela českého autora o největším kanibalovi mezi námi.

Hlavní autor: Radosta, Pavel
Jazyk: Čeština
Vydáno: Český Krumlov : MCU, 2021
Vydání: Vydání 1.
Témata:
Fyzický popis: 107 stran : ilustrace ; 17 cm
Knihy
Uloženo v:
LEADER 01929nam a2200373 i 4500
001 nkc20213378299
003 CZ PrNK
005 20220628084845.0
007 ta
008 211207s2021 xr a g 000 j cze
015 |a cnb003378299 
020 |a 978-80-7339-287-1  |q (brožováno) 
035 |a (OCoLC)1329408520 
040 |a ABG001  |b cze  |e rda 
072 7 |a 821.162.3-3  |x Česká próza  |2 Konspekt  |9 25 
080 |a 821.162.3-32  |2 MRF 
080 |a (0:82-32)  |2 MRF 
100 1 |a Radosta, Pavel  |7 pna2008444809  |4 aut 
245 1 0 |a Lidožrouti /  |c Pavel Radosta 
250 |a Vydání 1. 
264 1 |a Český Krumlov :  |b MCU,  |c 2021 
300 |a 107 stran :  |b ilustrace ;  |c 17 cm 
336 |a text  |b txt  |2 rdacontent 
337 |a bez média  |b n  |2 rdamedia 
338 |a svazek  |b nc  |2 rdacarrier 
520 2 |a Novela českého autora o největším kanibalovi mezi námi.  |b V nedotčeném pralese žije domorodý kmen ještě krátce po druhé světové válce svoji „dobu kamennou“ bez kontaktu s okolním světem. Ten reprezentuje až americký misionář, který se k domorodcům snese na padáku. Vedle ostatních výdobytků své civilizace jako víru v jediného ducha, coca-colu nebo kolt, přinese do světa kanibalů zhoubný dar - přesné letecké hodinky Breitling Navitimer. A s nimi přichází i největší a definitivní lidožrout. Novela je podobenstvím, vycházejícím ze skutečného příběhu presbyteriánského pastora v Papui Nové Guinei z r. 1954. V textu, který klade existenciální otázky, najde čtenář prvky magického realismu i černého humoru. Nakladatelská anotace. 
655 7 |a české novely  |7 fd133969  |2 czenas 
655 9 |a Czech novellas  |2 eczenas 
910 2 |a BOA001  |b 1-1485.171 
920 |a 4625009  |z ABG001 
990 |a BK 
995 |a 01 
991 |b 202205  |c NOV 
996 6 |b 2610900897  |c 1-1485.171  |l MZK  |r Sklad / do 1 hodiny  |n 0  |p p.v.  |w 001884796  |u 000010  |a 1  |e BOA001  |j MZK50  |s P